000 00344nam a2200121Ia 4500
008 220120s9999||||xx |||||||||||||| ||und||
082 _a823 BER
100 _aBernier Grand, Carmen, T
_911860
245 0 _aIn the shade of the nispero tree
260 _aScholastic INC
_bBangalore
_c1999
300 _a953p.;28cm
_b225
650 _aNETWORK ANALYSIS
999 _c137398
_d137398